All Retired NBA Numbers - Statistics

General Stats
  • This quiz has been taken 8,434 times
    7,289 since last reset
  • The average score is 47 of 166
Answer Stats
Answer % Correct
Michael Jordan
84%
Larry Bird
76%
Bill Russell
72%
Scottie Pippen
70%
Avery Johnson
68%
Dennis Johnson
68%
Gus Johnson
68%
Kevin Johnson
68%
Magic Johnson
68%
Vinne Johnson
68%
Dominique Wilkins
67%
Karl Malone
65%
Lloyd Neal
65%
Moses Malone
65%
Shaquille O'Neal
65%
Kareem Abdul-Jabbar
64%
Oscar Robertson
64%
Wilt Chamberlain
63%
Tim Duncan
62%
Isiah Thomas
61%
David Robinson
60%
Clyde Drexler
59%
Dennis Rodman
59%
John Stockton
59%
Patrick Ewing
58%
Bob Cousy
57%
Jerry West
57%
Kevin McHale
57%
Reggie Miller
57%
Charles Barkley
56%
Robert Parish
56%
Allen Iverson
54%
Hakeem Olajuwon
54%
Jason Kidd
54%
Julius Erving
53%
Steve Nash
52%
Dikembe Mutombo
51%
John Havlicek
51%
Bob Pettit
50%
Alex English
48%
Bill Walton
48%
Alonzo Mourning
47%
James Worthy
46%
Elgin Baylor
45%
Ben Wallace
44%
Joe Dumars
44%
Rick Barry
43%
Walt Frazier
42%
George Gervin
41%
Bobby Jones
40%
K.C. Jones
40%
Sam Jones
40%
Wes Unseld
40%
Pete Maravich
39%
Willis Reed
39%
Chauncy Billups
38%
Mark Price
38%
Tim Hardaway
38%
Chris Mullin
37%
Elvin Hayes
37%
Chris Webber
36%
Yao Ming
34%
Bill Laimbeer
33%
Bingo Smith
33%
Buck Williams
32%
Gus Williams
32%
Dave Cowens
30%
Sidney Moncrief
28%
David Thompson
27%
Jo Jo White
25%
Bob Love
24%
Brad Davis
24%
Nate Thurmond
24%
Richard Hamilton
24%
Walter Davis
24%
Mark Eaton
22%
Adrian Dantley
21%
Earl Monroe
20%
Nate Archibald
20%
Peja Stojakovic
20%
Vlade Divac
20%
Bob Lanier
19%
Gail Goodrich
19%
Larry Nance
19%
Brad Daugherty
18%
Maurice Cheeks
18%
Mitch Richmond
18%
Dolph Schayes
17%
Hal Greer
17%
Maurice Lucas
17%
Cedric Maxwell
16%
Zydrunas Ilgauskas
16%
Drazen Petrovic
15%
Lenny Wilkens
15%
Terry Porter
15%
Tom Heinsohn
15%
Billy Cunningham
14%
Dan Issel
14%
Dave Bing
14%
Fred Brown
14%
Jack Sikma
14%
Roger Brown
14%
Rolando Blackman
14%
Walter A. Brown
14%
Dave DeBusschere
13%
Jeff Hornacek
13%
Jerry Sloan
13%
Lou Hudson
13%
Reggie Lewis
13%
Tom Chambers
13%
Bill Sharman
12%
Bruce Bowen
12%
Jamaal Wilkes
12%
Red Auerbach
11%
Bill Bradley
10%
Calvin Murphy
10%
Austin Carr
8%
Bob Dandridge
8%
Dan Majerle
8%
Rudy Tomjanovich
8%
Satch Sanders
8%
Sean Elliott
8%
Chuck Daly
7%
Don Nelson
7%
Alvan Adams
6%
Paul Westphal
6%
Connie Hawkins
5%
Ed Macauley
5%
George McGinnis
5%
James Silas
5%
Mel Daniels
5%
Spencer Haywood
5%
Darrell Griffith
4%
Dick Barnett
4%
Jack Twyman
4%
John Williamson
4%
Malik Sealy
4%
Al Attles
3%
Bobby Phills
3%
Brian Winters
3%
Dick van Arsdale
3%
Frank Ramsay
3%
Geoff Petrie
3%
Jack Ramsay
3%
Jim Loscutoff
3%
Johnny Moore
3%
Jon McGlocklin
3%
Ted Turner
3%
Byron Beck
2%
Dick McGuire
2%
Junior Bridgeman
2%
Lionel Hollins
2%
Maurice Stokes
2%
Nate McMillan
2%
Bill Melchionni
1%
Bob Davies
1%
Bob Gross
1%
David Twardzik
1%
Frank Layden
1%
Larry Steele
1%
Sam Lacey
1%
Tom Meschery
1%
No matching quizzes found
Score Distribution
Percent of People with Each Score
Percentile by Number Answered
Your Score History
You have not taken this quiz since the last reset